| 000 | 00727nam a2200229 i 4500 | ||
|---|---|---|---|
| 001 | bg | ||
| 100 | 1 | _aJAGODZIŃSKI, Zenon | |
| 245 | 1 | 0 |
_aPrzetworniki ultradźwiękowe / _cZenon Jagodziński. |
| 260 |
_aWarszawa : _bWydawnictwa Komunikacji i Łączności, _c1997. |
||
| 300 |
_a150 s. : _brys., wykr. ; _c24 cm. |
||
| 504 | _aBibliogr. s.143-145. - Indeks. | ||
| 650 | 9 | _aPrzetworniki | |
| 650 | 9 |
_aUltradźwięki _xstosowanie _xtechnika |
|
| 020 | _a8320612209 | ||
| 040 | _cBPK | ||
| 041 | 0 | _apl | |
| 080 | _a534.8 | ||
| 920 | _a83-206-1220-9 | ||
| 942 | _cKS | ||
| 008 | s pl f |000 0 pol | ||
| 856 |
_uhttp://koha.tu.koszalin.pl/cgi-bin/koha/opac-detail.pl?biblionumber=34695 _yKatalog online BPK |
||
| 999 |
_c34695 _d34695 |
||